Statistics for Aesop Rock Discography (Hard)

Click here to take the quiz!

General Stats

  • This quiz has been taken 4 times
    (2 since last reset)
  • The average score is 13 of 20

Answer Stats

YearTypeName% Correct
1999EPAppleseed
100%
2003Solo AlbumBazooka Tooth
100%
2002EPDaylight
100%
2000Solo AlbumFloat
100%
2021Collaborative AlbumGarbology
100%
2023Solo AlbumIntegrated Tech Solutions
100%
2019Collaborative AlbumMalibu Ken
100%
2007Solo AlbumNone Shall Pass
100%
2016Solo AlbumThe Impossible Kid
100%
2007Downloadable MixAll Day: Nike + Original Run
50%
2017Soundtrack AlbumBushwick
50%
2005EPFast Cars, Danger, Fire and Knives
50%
2001Solo AlbumLabour Days
50%
1997Solo AlbumMusic For Earthworms
50%
2012Solo AlbumSkelethon
50%
2020Solo AlbumSpirit World Field Guide
50%
2015EPCat Food
0%
2020EPFreedom Finger (Music From The Game)
0%
2014Downloadable MixThe Blob
0%
2022EPThe Recycling Bin
0%

Score Distribution

Percentile by Number Answered

Percent of People with Each Score

Your Score History

You have not taken this quiz since the last reset